Alice in Chains Albums Tile Select - Statistics

General Stats
  • This quiz has been taken 164 times
  • The average score is 31 of 36
Answer Stats
Question Tile Select % Correct
the following songs that are on Jar of Flies (1994). Nothin' Song No
97%
the following songs that are on Dirt (1992). Am I Inside No
96%
the following songs that are on Facelift (1990). Down in a Hole No
96%
the following songs that are on Facelift (1990). Killing Yourself No
96%
the following songs that are on Jar of Flies (1994). Rotten Apple Yes
96%
the following songs that are on Jar of Flies (1994). Shame in You No
96%
the following songs that are on Dirt (1992). Them Bones Yes
96%
the following songs that are on Dirt (1992). Got Me Wrong No
95%
the following songs that are on Jar of Flies (1994). Head Creeps No
95%
the following songs that are on Dirt (1992). Would? Yes
95%
the following songs that are on Jar of Flies (1994). Nutshell Yes
94%
the following songs that are on Dirt (1992). Rooster Yes
94%
the following songs that are on Facelift (1990). Angry Chair No
93%
the following songs that are on Facelift (1990). Bleed the Freak Yes
93%
the following songs that are on Dirt (1992). I Can't Remember No
93%
the following songs that are on Facelift (1990). Man in the Box Yes
93%
the following songs that are on Jar of Flies (1994). What the Hell Have I No
93%
the following songs that are on Dirt (1992). Sea of Sorrow No
92%
the following songs that are on Alice in Chains (1995). Heaven Beside You Yes
90%
the following songs that are on Jar of Flies (1994). I Stay Away Yes
88%
the following songs that are on Jar of Flies (1994). No Excuses Yes
88%
the following songs that are on Facelift (1990). We Die Young Yes
88%
the following songs that are on Alice in Chains (1995). Died No
86%
the following songs that are on Dirt (1992). Rain When I Die Yes
86%
the following songs that are on Alice in Chains (1995). Swing on This No
84%
the following songs that are on Alice in Chains (1995). Grind Yes
83%
the following songs that are on Dirt (1992). God Smack Yes
82%
the following songs that are on Alice in Chains (1995). Again Yes
81%
the following songs that are on Alice in Chains (1995). Get Born Again No
80%
the following songs that are on Alice in Chains (1995). Hate to Feel No
78%
the following songs that are on Jar of Flies (1994). Don't Follow Yes
77%
the following songs that are on Alice in Chains (1995). Over Now Yes
71%
the following songs that are on Facelift (1990). Sunshine Yes
70%
the following songs that are on Facelift (1990). Confusion Yes
59%
the following songs that are on Facelift (1990). Real Thing Yes
53%
the following songs that are on Alice in Chains (1995). So Close Yes
45%
No matching quizzes found
Score Distribution
Percent of People with Each Score
Percentile by Number Answered
Your Score History
You have not taken this quiz